NHL fantasy defenseman top 50 rankings for 2019-20 - Statistics

General Stats
  • This quiz has been taken 83 times
  • The average score is 30 of 50
Answer Stats
Rank Player NHL Team % Correct
2 Burns San Jose Sharks
98%
4 Carlson Washington Capitals
98%
3 Hedman Tampa Bay Lightning
98%
1 Karlsson San Jose Sharks
98%
6 Josi Nashville Predators
92%
8 Letang Pittsburgh Penguins
91%
5 Subban New Jersey Devils
91%
11 Jones Columbus Blue Jackets
89%
7 Klingberg Dallas Stars
86%
12 Giordano Calgary Flames
84%
17 Weber Montreal Canadiens
84%
10 Rielly Toronto Maple Leafs
83%
24 Doughty LA Kings
81%
31 Ekblad Florida Panthers
80%
18 Pietrangelo St Louis Blues
80%
23 Dahlin Buffalo Sabres
78%
33 Werenski Columbus Blue Jackets
78%
28 McAvoy Boston Bruins
77%
13 Krug Boston Bruins
73%
22 Ekman-Larsson Arizona Coyotes
72%
25 Hamilton Carolina Hurricanes
70%
20 Makar Colorado Avalanche
70%
39 Suter Minnesota Wild
67%
14 Byfuglien Winnipeg Jets
64%
26 Heiskanen Dallas Stars
64%
27 Hughes Vancouver Canucks
63%
19 Chabot Ottawa Senators
61%
9 Barrie Toronto Maple Leafs
56%
38 Ristolainen Buffalo Sabres
56%
34 Ellis Nashville Predators
55%
37 Sergachev Tampa Bay Lightning
52%
29 Theodore Las Vegas G Knights
52%
21 Dumba Minnesota Wild
50%
36 Ekholm Nashville Predators
50%
30 Trouba New York Rangers
48%
40 Muzzin Toronto Maple Leafs
45%
35 Provorov Philadelphia Flyers
44%
32 Gostisbehere Philadelphia Flyers
39%
44 Parayko St Louis Blues
38%
15 Yandle Florida Panthers
38%
41 Morrissey Winnipeg Jets
36%
45 Pulock New York Islanders
28%
43 Edler Vancouver Canucks
27%
42 Klefbom Edmonton Oilers
25%
50 Toews New York Islanders
25%
49 Girard Colorado Avalanche
23%
47 Faulk Carolina Hurricanes
22%
16 Gustafsson Chicago Blackhawks
19%
46 Dunn St Louis Blues
14%
48 Hronek Detroit Red Wings
13%
No matching quizzes found
Score Distribution
Percent of People with Each Score
Percentile by Number Answered
Your Score History
You have not taken this quiz